Qual time tem esse feito? - Statistics

Estatísticas Gerais
  • Esse quiz foi jogado 134 vezes
  • A pontuação média é 4 de 6
Estatísticas das Respostas
Questão Resposta % Correto
Qual desses times já ganhou a Champions League?
93%
Qual desses times já ganhou a Copa do Brasil?
80%
Qual desses times tem mais de 5 Champions League?
70%
Qual desses times tem mais Libertadores?
50%
Qual desses times nunca jogou a Libertadores?
47%
Qual dessas seleções tem mais vices-campeonatos em Copas do Mundo?
37%
Nenhum quiz correspondente encontrado
Distribuição das Pontuações
Porcentagem de Pessoas com Cada Pontuação
Percentil de Números Respondidos
Sua Pontuação Histórica
Você não jogou esse quiz